Wireless digital communications : (Record no. 189420)
[ view plain ]
| 000 -LEADER | |
|---|---|
| fixed length control field | 01216 a2200217 4500 |
| 003 - CONTROL NUMBER IDENTIFIER | |
| control field | NUST |
| 005 - DATE AND TIME OF LATEST TRANSACTION | |
| control field | 20221229183642.0 |
| 010 ## - LIBRARY OF CONGRESS CONTROL NUMBER | |
| LC control number | 95006902 |
| 020 ## - INTERNATIONAL STANDARD BOOK NUMBER | |
| International Standard Book Number | 0130986178 |
| 040 ## - CATALOGING SOURCE | |
| Transcribing agency | Nust |
| 082 00 - DEWEY DECIMAL CLASSIFICATION NUMBER | |
| Classification number | 621.38456,FEH |
| 100 1# - MAIN ENTRY--PERSONAL NAME | |
| Personal name | Feher, Kamilo. |
| 9 (RLIN) | 106449 |
| 245 10 - TITLE STATEMENT | |
| Title | Wireless digital communications : |
| Remainder of title | modulation and spread spectrum applications / |
| Statement of responsibility, etc. | Kamilo Feher. |
| 260 ## - PUBLICATION, DISTRIBUTION, ETC. | |
| Place of publication, distribution, etc. | Upper Saddle River, N.J. : |
| Name of publisher, distributor, etc. | Prentice-Hall PTR, |
| Date of publication, distribution, etc. | 2004 |
| 300 ## - PHYSICAL DESCRIPTION | |
| Extent | xx, 524 p. : |
| Other physical details | ill. ; |
| Dimensions | 25 cm. + |
| Accompanying material | 1 computer disk (3 1/2 in.). |
| 440 #0 - SERIES STATEMENT/ADDED ENTRY--TITLE | |
| Title | Feher/Prentice Hall digital and wireless communication series |
| 9 (RLIN) | 105627 |
| 505 ## - FORMATTED CONTENTS NOTE | |
| Formatted contents note | Introduction To Wireless, Cellular, Digital, PCS-Mobile Radio (Page-1), Speech Coding For Wireless Systems Applications (Page-29), Radio Propagation And Cellular Engineering Concepts (Page-54), Digital Modulation-Demodulation Techniques (Page-111), Coding (Page-254), Spread-Spectrum Systems (Page-285), Diversity Techniques For Mobile Wireless Radio Systems (Page-333), Personal Mobile Satellite Comm. (Page-353), Cellular And Wireless Systems Engineering (Page-366). |
| 650 #0 - SUBJECT ADDED ENTRY--TOPICAL TERM | |
| Topical term or geographic name entry element | Mobile communication systems. |
| 9 (RLIN) | 18556 |
| 650 #0 - SUBJECT ADDED ENTRY--TOPICAL TERM | |
| Topical term or geographic name entry element | Telecommunication engineering |
| 942 ## - ADDED ENTRY ELEMENTS (KOHA) | |
| Source of classification or shelving scheme | |
| Koha item type | Book |
| Call number prefix | 621.38456,FEH |
| Withdrawn status | Lost status | Source of classification or shelving scheme | Damaged status | Not for loan | Permanent Location | Current Location | Shelving location | Date acquired | Full call number | Barcode | Date last seen | Price effective from | Koha item type | Public note |
|---|---|---|---|---|---|---|---|---|---|---|---|---|---|---|
| Military College of Signals (MCS) | Military College of Signals (MCS) | General Stacks | 12/12/2016 | 621.38456,FEH | MCS31911 | 12/08/2016 | 12/12/2016 | Book | Almirah No.39, Shelf No.2 | |||||
| Military College of Signals (MCS) | Military College of Signals (MCS) | General Stacks | 12/12/2016 | 621.3845,FEH | MCS35168 | 12/08/2016 | 12/12/2016 | Book | Almirah No.84, Shelf No.3 |
